Loading...
| Literature - American | 0 | 7 | 0 | 0 | 70 | 45 | 88.00 | 3 | 6 | 0.00 | 0.00 |
| Literature - World | 0 | 6 | 0 | 1 | 60 | 46 | 108.67 | 2 | 3 | 0.00 | 0.00 |
| Literature - European | 0 | 6 | 1 | 0 | 55 | 37 | 72.83 | 3 | 6 | 0.00 | 0.00 |
| Literature - British | 0 | 6 | 2 | 1 | 50 | 43 | 94.67 | 2 | 4 | 0.00 | 0.00 |
| Science - Biology | 0 | 4 | 1 | 1 | 35 | 59 | 92.00 | 1 | 3 | 0.00 | 0.00 |
| Social Science | 0 | 2 | 0 | 0 | 20 | 40 | 77.50 | 1 | 2 | 0.00 | 0.00 |
| Science - Chemistry | 0 | 2 | 0 | 2 | 20 | 119 | 121.00 | 0 | 0 | 0.00 | 0.00 |
| Philosophy | 0 | 2 | 0 | 0 | 20 | 118 | 126.50 | 0 | 0 | 0.00 | 0.00 |
| Fine Arts - Classical Music | 0 | 1 | 0 | 0 | 10 | 76 | 76.00 | 1 | 1 | 0.00 | 0.00 |
| Other Academic | 0 | 1 | 0 | 0 | 10 | 97 | 97.00 | 0 | 0 | 0.00 | 0.00 |
| Pop Culture | 0 | 1 | 0 | 0 | 10 | 54 | 54.00 | 0 | 1 | 0.00 | 0.00 |
| Mythology | 0 | 0 | 0 | 0 | 0 | 0.00 | 0 | 0 | 0.00 | 0.00 | |
| History - American | 0 | 0 | 0 | 0 | 0 | 0.00 | 0 | 0 | 0.00 | 0.00 |